000 01057nam a22002537a 4500
005 20090624145122.0
008 090624t xxu||||| |||| 00| 0 eng d
010 _aENG-94224
020 _a9788173911700
_c650.00
035 _aEN-77757
037 _bDBAD / VEN
040 _adpl
_bEnglish
082 _a361.763
245 _aNon-governmental organisations in development:
_cedited by Noorjahan Bava
_btheory and practice /
260 _aNew Delhi
_bKanishka Publishers, Distributors
_c2008
270 _a4697/5-21A, Ansari Road, Darya Ganj,
_bNew Delhi
_e110002
300 _ax, 288p.
_c22cm(Hb)
500 _aIncludes bibliographical references and index
650 _aNon-governmental organizations
700 _aNoorjahan Bava
942 _2ddc
_cEN
_mNON
_h361.763
999 _c27857
_d27857